| 000 | 01117nam a22002057a 4500 | ||
|---|---|---|---|
| 999 |
_c6541 _d6541 |
||
| 003 | AR-CdUCM | ||
| 008 | 190318b ||||| |||| 00| 0 spa d | ||
| 040 |
_aMUNICIPALIDAD PROVINCIAL DEL CUSCO _cBIBLIOTECA MUNICIPAL DEL CUSCO |
||
| 082 |
_a086.985 / _bC532 |
||
| 100 |
_aChávez Aliaga, Nazario _918475 |
||
| 245 | _aCajamarca / | ||
| 260 |
_aLima : _bColegio Militar Leoncio Prado, _c1957. |
||
| 300 |
_a4 volúmenes ; _bIlustraciones, _c34 cm. |
||
| 505 | _aContenido: v.1 -- Génesis de la creación oficial del departamento de Cajamarca -- Características generales del departamento de Cajamarca -- Las vías de comunicación de Cajamarca -- El servicio aéreo de Cajamarca -- La sanidad en el departamento -- v.2 -- El imperio -- La conquista -- La independencia -- v.3 -- La actividad comercial -- Visita de un presidente de la república a Cajamarca -- La educación publica en Cajamarca -- v.4 -- Provincia de Cajamarca -- Ciudad de Cajamarca -- Instituciones publicas ... | ||
| 650 |
_aHistoria _9246 |
||
| 650 |
_aCajamarca _97054 |
||
| 650 |
_aGeografía _9318 |
||
| 942 |
_2ddc _cLIBROS |
||
| 945 | _aacv | ||